000 00876nam a22002417a 4500
008 081008t xxu||||| |||| 00| 0 eng d
010 _aENG-91222
020 _a9788184550504
_c650.00
035 _aEN-74755
037 _bDBAD / PUB
040 _adpl
_bEnglish
082 _a352.17
245 _aRural and urban government /
_cedited by Rajender Kumar
260 _aNew Delhi
_bOmega Publications
_c2008
270 _a4398/5, Ansari Road, Daryaganj
_bNew Delhi
_e110002
300 _av, 287p.
_c22cm (Hb)
500 _aIncludes index
650 _aPanchayat
_zIndia
650 _aLocal government
_zIndia
700 _aRajender Kumar
942 _2ddc
_cEN
_mRUR
_h352.17
999 _c16391
_d16391